Comprensión de la sociedad 6§ año básico
Gardado en:
| Main Authors: | , , , |
|---|---|
| Formato: | Libro |
| Idioma: | Lingua castelá |
| Publicado: |
Santiago
McGraw-Hill Interamericana
2002
|
| Subjects: | |
| Tags: |
Engadir etiqueta
Sen Etiquetas, Sexa o primeiro en etiquetar este rexistro!
|
MARC
| LEADER | 00000nam a2200000 a 4500 | ||
|---|---|---|---|
| 001 | UCK9024 | ||
| 003 | CL-VaPUC | ||
| 008 | 060413e20020000CL |||||||||||||||||spa|d | ||
| 020 | |a 9562781380 | ||
| 082 | 0 | 4 | |a 372.83 |b MAT |2 21 |
| 100 | |a Matte Lira, Verónica |e autora |9 495585 | ||
| 700 | |a Krebs Kaulen, Andrea |e author |9 495419 | ||
| 700 | 0 | |a Sepúlveda, Eduardo |e author |9 498767 | |
| 700 | 0 | |a Silva, Victoria |e author |9 498768 | |
| 245 | 1 | 0 | |a Comprensión de la sociedad 6§ año básico |
| 300 | |a 64 p | ||
| 942 | |c BK | ||
| 945 | |d 20060413 00:00:00 |a jtorresc | ||
| 260 | |a Santiago |b McGraw-Hill Interamericana |c 2002 | ||
| 500 | |a Guía didáctica para el profesor | ||
| 650 | 0 | |a Educación básica |9 224933 | |
| 650 | 0 | |a Enseñanza de la geografía |9 310005 | |
| 650 | 0 | |a Enseñanza de la historia |9 307330 | |
| 650 | 0 | |a Programas de educación |9 339040 | |
| 583 | |a last modification |c 20060413 00:00:00 |k Rodrigo Vera | ||
| 999 | |c 316372 |d 316370 | ||
| 952 | |0 0 |1 0 |4 0 |6 372_830000000000000_MAT_2002 |7 0 |8 P |9 390694 |a BIBEDU |b BIBEDU |d 2019-11-22 |i 4222326 |o 372.83 MAT 2002 |p 4222326 |r 2019-11-22 |w 2019-11-22 |y BK |k EBA | ||
| 952 | |0 0 |1 0 |4 0 |6 372_830000000000000_MAT_2002 |7 0 |8 P |9 390695 |a BIBEDU |b BIBEDU |c BIBEDU_PB |d 2019-11-22 |i 4222318 |o 372.83 MAT 2002 |p 4222318 |r 2024-01-25 |w 2019-11-22 |y BK |k EBA | ||